Padanāma-śabdāvalī, Aṅgrezī-Hindī. (Record no. 71791)
[ view plain ]
| 000 -LEADER | |
|---|---|
| fixed length control field | 00728cam a22002291 4500 |
| 001 - CONTROL NUMBER | |
| control field | sa 67000149 |
| 003 - CONTROL NUMBER IDENTIFIER | |
| control field | DLC |
| 005 - DATE AND TIME OF LATEST TRANSACTION | |
| control field | 20260227112312.0 |
| 008 - FIXED-LENGTH DATA ELEMENTS--GENERAL INFORMATION | |
| fixed length control field | 881102s1965 ii 000 0 hino |
| 010 ## - LIBRARY OF CONGRESS CONTROL NUMBER | |
| LC control number | sa 67000149 |
| 035 ## - SYSTEM CONTROL NUMBER | |
| System control number | (OCoLC)23538886 |
| 040 ## - CATALOGING SOURCE | |
| Original cataloging agency | DLC |
| Transcribing agency | MiU |
| Modifying agency | DLC |
| 042 ## - AUTHENTICATION CODE | |
| Authentication code | premarc |
| 050 00 - LIBRARY OF CONGRESS CALL NUMBER | |
| Classification number | PK1936 |
| Item number | .I53 |
| 110 1# - MAIN ENTRY--CORPORATE NAME | |
| Corporate name or jurisdiction name as entry element | India. |
| Subordinate unit | Standing Commission for Scientific and Technical Terminology. |
| -- | Glossary of designational terms, English-Hindi. |
| 245 10 - TITLE STATEMENT | |
| Title | Padanāma-śabdāvalī, Aṅgrezī-Hindī. |
| 260 ## - PUBLICATION, DISTRIBUTION, ETC. | |
| Place of publication, distribution, etc. | [New Delhi, |
| Date of publication, distribution, etc. | 1965] |
| 300 ## - PHYSICAL DESCRIPTION | |
| Extent | 67 p. |
| Dimensions | 22 cm. |
| 500 ## - GENERAL NOTE | |
| General note | Romanized. |
| 650 #0 - SUBJECT ADDED ENTRY--TOPICAL TERM | |
| Topical term or geographic name entry element | English language |
| General subdivision | Dictionaries |
| -- | Hindi. |
| 730 0# - ADDED ENTRY--UNIFORM TITLE | |
| Uniform title | Glossary of designational terms. |
| Language of a work | English-Hindi. |
No items available.